Państwa w kółkach wyciętych z mapy - Statystyki

Ogólne statystyki
  • Ten quiz został rozwiązany 9 razy
  • Średni wynik to 6 z 8
Statystyki odpowiedzi
Obrazkowy Odpowiedź % Poprawnych
Estonia/Łotwa/Litwa/Rosja/Polska/Białoruś
100%
Rosja/Gruzja/Armenia/Azerbejdżan/Turcja/Syria
100%
Włochy/San Marino/Watykan/Chorwacja/Bośnia i Hercegowina
100%
Irlandia/Wielka Brytania
71%
Tajlandia/Laos/Kambodża/Wietnam
71%
Angola/Namibia/Zambia/Zimbabwe/Botswana
57%
Kanada/Stany Zjednoczone
57%
Arabia Saudyjska/Oman/Jemen/Somalia
43%
Nie znaleziono quizów pasujących do podanych kryteriów
Rozkład punktacji
Procent ludzi z każdym wynikiem
Percentyl według liczby udzielonych odpowiedzi
Twoja historia wyników
Nie rozwiązałeś tego quizu